Music Quiz

Random Music or Album Quiz

Michael (Album) Quiz Stats

 Plays Quiz not verified by Sporcle

Score 0/10 Timer 05:00
0 Plays Today
Track # Song % Correct
1.Hold My Hand (Feat. Akon)
98.8%
5.Monster (Feat. 50 Cent)
87.7%
2. Hollywood Tonight
85.2%
7.Breaking News
84%
8.(I Can't Make It) Another Day (Feat. Lenny Kravitz)
74.1%
9.Behind The Mask
72.8%
10.Much Too Soon
71.6%
4.(I Like) The Way You Love Me
70.4%
3.Keep Your Head Up
66.7%
6.Best Of Joy
64.2%

You're not logged in!

Compare scores with friends on all Sporcle quizzes.
OR
Log In

Sporcle TV

Today on Sporcle TV


Watch our educational content, quiz creation guides, and fun videos on Sporcle TV.

Show Comments

Extras

Top Quizzes Today


Score Distribution

Your Account Isn't Verified!

In order to create a playlist on Sporcle, you need to verify the email address you used during registration. Go to your Sporcle Settings to finish the process.

Report this User

Report this user for behavior that violates our Community Guidelines.

Details: